000 00940nam a22003017a 4500
003 CHAP
005 20220329141229.0
008 971010s1987 r 00010 d
010 _a64782
011 _a65754
035 _a73068
040 _cCHAP
090 _aFolleto 8824
100 0 0 _aVázquez Yáñez, Carlos.
_9120554
245 _aDeterioro ambiental
_b: sus causas y efectos
260 _aMéxico, D. F. :
_bCECSA,
_c1987
300 _a59 p
590 _aBATCH-UPD
_b10
_c20130110
_lUCH01
_h0233
590 _aBATCH-UPD
_b10
_c20130110
_lUCH01
_h1624
590 _aBATCH-UPD
_b10
_c20130409
_lUCH01
_h2257
590 _aBATCH-UPD
_b10
_c20130914
_lUCH01
_h1808
590 _aCONVERSION
_b10
_c20130109
_lUCH01
_h1335
650 1 4 _aMedio ambiente
_xContaminación.
_974069
901 _aBK
942 _cFOLL
949 _a628.53 V3
_bDCF
_cLIBRO
_d-5829
_eLIBRO
_h3931
_i73068
_si
949 _aFolleto 8824
_bBC
_cFOLL
_d-153910
_eTS1
_i73068
_si
999 _c64782
_d64782